000 00883cam a2200265 i 4500
001 6394328
003 EG-ScBUE
005 20250525091317.0
008 751104s1954 xx a f 001 0 eng d
035 _a(OCoLC)1806823
040 _aEG-ScBUE
_beng
_erda
_cEG-ScBUE
_dEG-ScBUE
082 0 4 _222
_a533.7
_bJEA
100 1 _aJeans, James Hopwood,
_cSir,
_d1877-1946,
_eauthor.
_96485
245 1 4 _aThe dynamical theory of gases /
_cby J. H. Jeans, D.Sc., LL.D., F.R.S.
250 _aFourth edition.
264 1 _a[place of publication not identified] :
_bDover Publication, INC.,
_c1954.
300 _a444 pages :
_billustrations ;
_c27 cm
336 _2rdacontent
_atext
_btxt
337 _aunmediated
_2rdamedia
_bn
338 _avolume
_bnc
_2rdacarrier
500 _aIncludes index.
650 7 _aKinetic theory of gases.
_96486
_2BUEsh
655 _vReading book
942 _2ddc
_cBB
999 _c11904
_d11904